000 03186cam a2200241 i 4500
001 18631337
005 20260109103431.0
008 150520t20152015ilua b 001 0 eng c
020 _a9780226422640
082 _a336.2416 ZUG
100 1 _aZucman, Gabriel
245 1 4 _aThe hidden wealth of nations :
_bthe scourge of tax havens /
_cGabriel Zucman
264 1 _aChicago :
_bThe University of Chicago Press,
_c2015.
300 _axii, 129 p. :
_bill. ;
_c24 cm
505 0 _aIntroduction: acting against tax havens -- A century of offshore finance -- The missing wealth of nations -- Mistakes -- What to do?: a new approach -- The tax avoidance of multinational corporations.
520 _aWe are well aware of the rise of the 1% as the rapid growth of economic inequality has put the majority of the world's wealth in the pockets of fewer and fewer. One much-discussed solution to this imbalance is to significantly increase the rate at which we tax the wealthy. But with an enormous amount of the world's wealth hidden in tax havens--in countries like Switzerland, Luxembourg, and the Cayman Islands--this wealth cannot be fully accounted for and taxed fairly. No one, from economists to bankers to politicians, has been able to quantify exactly how much of the world's assets are currently hidden--until now. Gabriel Zucman is the first economist to offer reliable insight into the actual extent of the world's money held in tax havens. And it's staggering. In The Hidden Wealth of Nations, Zucman offers an inventive and sophisticated approach to quantifying how big the problem is, how tax havens work and are organized, and how we can begin to approach a solution. His reasearch reveals that tax havens are a quickly growing danger to the world economy. In the past five years, the amount of wealth in tax havens has increased over 25%--there has never been as much money held offshore as there is today. This hidden wealth accounts for at least $7.6 trillion, equivalent to 8% of the global financial assets of households. Fighting the notion that any attempts to vanquish tax havens are futile, since some countries will always offer more advantageous tax rates than others, as well as the counterargument that since the financial crisis tax havens have disappeared, Zucman shows how both sides are actually very wrong. In [this book], he offers an ambitious agenda for reform, focused on ways in which countries can change the incentives of tax havens. Only by first understanding the enormity of the secret wealth can we begin to estimate the kind of actions that would force tax havens to give up their practices. Zucman's work has quickly become the gold standard for quantifying the amount of the world's assets held in havens. In this concise book, he lays out in approachable language how the international banking system works and the dangerous extent to which the large-scale evasion of taxes is undermining the global market as a whole. -- Inside jacket flaps.
546 _aTranslated from the French.
650 0 _aTax havens.
650 0 _aTax evasion.
700 1 _aFagan, Teresa Lavender
_etranslator.
700 1 _aPiketty, Thomas
942 _2ddc
_cBK
999 _c111673
_d111673